Регионална библиотека "Любен Каравелов" - Русе

Нови методи за заваряване и спояване (Запис номер 185813)

MARC детайли
000 -Лидер
Контролно поле с фиксирана дължина nam a22 a 4500
003 - Код на организацията, давaща контролен номер
Контролно поле BLK
005 - Дата и час на последна редакция
Контролно поле 20221209101542.0
008 - Елементи от данни с фиксирана дължина
fixed length control field 180411b bul|||||r ||||||| ||bul||
010 ## - Наследен системен номер
LC control number KNG00194807000
040 ## - Източник на каталожния запис
Идентификатор на билиотеката - собственик на записа BLK
041 ## - Код за език
Код за езика на текст/звукозапис или на отделно заглавие Български
Код за езика КДБФ Български
080 ## - УДК
Текстов определител УДК Заваряване и родствени процеси. Вж и 621.735; 621.78
УДК код - определител по УДК 621.791
УДК - код + определител 621.791
100 1# - Редна дума - Автор
Автор Лопатко, Анатолий Петрович
Авторска отговорност първи автор
R(LIN) 89529
139 ## - Редно поле
Редна дума Лопатко, Анатолий Петрович и др.
Авторски знак Лон - Л 82
245 10 - Сведения за заглавието
Заглавие Нови методи за заваряване и спояване
Подзаглавни данни Ръководство
Редно поле (дума) Анатолий П. Лопатко, Зинаида В. Никифорова; прев. от рус. Иванка Вълчева.
257 ## - Страна на издаване
Страна на създаване/издаване СССР
260 ## - Област на издателските данни
Място на издаване, разпространение и проч. София
Име на издателя, разпространителя и проч. Техника
Година на издаване 1981
Печатница Ямбол : Г. Димитров
300 ## - Физическа характеристика
Страници 88 с.
Илюстрации и др. с черт., табл.
Размери/Мащаб 20 см
380 ## - Жанр
Жанр Техника
500 ## - Общи забележки
Забележка Ориг. загл. Новые методы сварки и пайки. - Прев. Ив. Т. Вълчева е известна като Иванка Танчева. - 3 290 тир.
650 #4 - Допълнително описание по предмет – тема
Основно описание – тема или топоним Заваряване
9 (RLIN) 155677
653 ## - Ключова дума – ненормативна
Ключова дума заваряване
653 ## - Ключова дума – ненормативна
Ключова дума запояване
653 ## - Ключова дума – ненормативна
Ключова дума ръководства
700 1# - Други автори (авторска отговорност)
Лично име Никифорова, Зинаида Василиевна
Автороска отговорност (Описва отношението между автора и произведението) съавт.
9 (RLIN) 343938
700 1# - Други автори (авторска отговорност)
Лично име Вълчева, Иванка
Автороска отговорност (Описва отношението между автора и произведението) прев. от рус.
9 (RLIN) 343939
852 ## - Местоположение
Форматна сигнатура Цб 108832
Фондова буква Фонд "Михаил Арнаудов"
856 4# - Електронен адрес и достъп
Електронен формат pdf - файл
Инструкция (цена за достъп) 0.00
Права за достъп disable
856 4# - Електронен адрес и достъп
Електронен формат pdf - файл
Инструкция (цена за достъп) 0.00
Права за достъп disable
999 ## - СИСТЕМНИ КОНТРОЛНИ НОМЕРА
Koha biblionumber 185813
Koha biblioitemnumber 185813
942 ## - АРТИКУЛИ
Вид на библиотечния материал Книги
Скрит в OPAC Не
Периодичен библиозапис Да
944 ## - СЪЗДАВАНЕ И РЕДАКЦИЯ на ЗАПИСА
Създаване/Редакция Създаване
Дата на регистрацията/редакция 31.10.2016
Служител, извършил регистрацията/редакцията Кина_Георгиева
944 ## - СЪЗДАВАНЕ И РЕДАКЦИЯ на ЗАПИСА
Създаване/Редакция Редакция
Дата на регистрацията/редакция 2022-12-09
Служител, извършил регистрацията/редакцията ир
999 ## - СИСТЕМНИ КОНТРОЛНИ НОМЕРА
Koha biblioitemnumber 185813
Наличности
Код за отписване Код за изгубен артикул Източник на класификационната схема Код за повреда Коз за рестрикции Код за отдаване Артикулен № Име на библиотеката - собственик Име на библиотеката, в която се намира в момента Статус (Текущо местоположение) Дата на вписване в системата Местоположение - отдел Цена в лева Инвентарен номер Систематично азбучна сигнатура Баркод Номер на екземпляра Цена в евро Служебна бележка Служебен тип на артикула Бележка за публиката
  Не е изгубен Universal Decimal Classification Не е повреден само за читалня ползва се в читалня 322597 Регионална библиотека "Любен Каравелов" Русе Регионална библиотека "Любен Каравелов" Русе Хранилище 1981-01-01 Хранилище 0.45 328557 Цб 108832 120000328557 1 0.23 N: стар фонд Дата: 01.01.1981 Книги  
  Не е изгубен Universal Decimal Classification Не е повреден без рестрикции заемане за дома 322598 Регионална библиотека "Любен Каравелов" Русе Регионална библиотека "Любен Каравелов" Русе Заемна - подръчен фонд 1981-01-01 Заемна - подръчен фонд 0.45 329392 П 621.79/Л 82 120000329392 2 0.23 N: стар фонд Дата: 01.01.1981 Дата инв: 06.02.2018 Бележки инв: П2018 Книги  
Изтеглен Не е изгубен   Не е повреден без рестрикции заемане за дома 322599 Регионална библиотека "Любен Каравелов" Русе Регионална библиотека "Любен Каравелов" Русе   1981-01-01 Заемна - подръчен фонд 0.45 329391 П 621.791/Л 82 329391 3 0.23 N: стар фонд Дата: 01.01.1981 Книги Отч.N: 51/17 , Дата: 11.10.2017
Изтеглен Не е изгубен Universal Decimal Classification Не е повреден без рестрикции заемане за дома 322600 Регионална библиотека "Любен Каравелов" Русе Регионална библиотека "Любен Каравелов" Русе Заемна - подръчен фонд 1981-01-01 Заемна - подръчен фонд 0.45 329390 П 621.79/Л 82 329390 4 0.23 N: стар фонд Дата: 01.01.1981 Дата инв: 06.02.2018 Бележки инв: П2018 Книги  
Vip Innovations Ltd, Rousse, Bulgaria 2025